Arctic Monkeys Studio Albums - Statistics

General Stats
  • This quiz has been taken 17 times
  • The average score is 6 of 7
Answer Stats
Picture Answer % Correct
AM
100%
Favourite Worst Nightmare
92%
Humbug
92%
The Car
92%
Suck It and See
83%
Whatever People Say I Am, That's What I'm Not
83%
Tranquility Base, Hotel and Casino
50%
No matching quizzes found
Score Distribution
Percent of People with Each Score
Percentile by Number Answered
Your Score History
You have not taken this quiz